[Event "Interclubs Adultes"]
[Site "Montpellier"]
[Date "10/04/2008"]
[Round "4.4"]
[White "Boudre, Jean-Pierre"]
[Black "Apicella, Manuel"]
[Result "1-0"]
[WhiteElo "2327"]
[BlackElo "2532"]
[WhiteTeam "Marseille Duchamps"]
[BlackTeam "Clichy"]

1. e4 e6 2. d4 d5 3. Nd2 Nf6 4. e5 Nfd7 5. c3 c5 6. f4 Nc6 7. Ndf3 cxd4 8. cxd4
f5 9. Bd3 Be7 10. Ne2 Nb6 11. Bd2 Bd7 12. O-O O-O 13. Rc1 Be8 14. h3 Bh5 15.
Kh2 Kh8 16. a3 a5 17. Qe1 a4 18. Qf2 Bxf3 19. Qxf3 Rc8 20. Rc2 Nc4 21. Bc3 Na7
22. g4 Nb5 23. gxf5 exf5 24. Be1 g5 25. Bxc4 dxc4 26. Qxb7 Rb8 27. Qf3 g4 28.
hxg4 fxg4 29. Qe4 Rb6 30. Kg2 Rh6 31. Rxc4 Qe8 32. Ng3 Bh4 33. d5 Bxg3 34. Bxg3
Rh3 35. e6 Nd6 36. Qe5+ Kg8 37. Qxd6 Rxg3+ 38. Kxg3 Qh5 39. Rc3 Qh3+ 40. Kf2
Qh2+ 41. Ke1 Qxb2 42. Qe5 Qb1+ 43. Kf2 1-0

[Event "Interclubs Adultes"]
[Site "Montpellier"]
[Date "10/04/2008"]
[Round "4.5"]
[White "Tregubov, Pavel V."]
[Black "Poisson, Olivier"]
[Result "1-0"]
[WhiteElo "2629"]
[BlackElo "2149"]
[WhiteTeam "Clichy"]
[BlackTeam "Marseille Duchamps"]

1. d4 d5 2. c4 c6 3. Nf3 Nf6 4. e3 e6 5. Nbd2 Nbd7 6. Bd3 Bd6 7. O-O O-O 8. e4
dxe4 9. Nxe4 Nxe4 10. Bxe4 h6 11. Bc2 e5 12. Qd3 f5 13. c5 Bc7 14. dxe5 Nxe5
15. Nxe5 Bxe5 16. Qb3+ Kh8 17. Re1 Qf6 18. Qf3 Bd7 19. Bf4 Rae8 20. Rad1 Bxb2
21. Rxe8 Rxe8 22. h4 Be6 23. Qh5 Rf8 24. Bd6 Rf7 25. Re1 Bxa2 26. g4 g5 27.
Re8+ Kg7 28. gxf5 Bd5 29. Be7 Rxe7 30. hxg5 Qxg5+ 31. Qxg5+ hxg5 32. Rxe7+ Kf6
33. Rxb7 Bd4 34. Rxa7 Bxc5 35. Rh7 Bd4 36. Rh6+ Kf7 1-0

[Event "Interclubs Adultes"]
[Site "Montpellier"]
[Date "10/04/2008"]
[Round "4.6"]
[White "Fernandez, Laura"]
[Black "Pelletier, Yannick"]
[Result "0-1"]
[WhiteElo "2025"]
[BlackElo "2607"]
[WhiteTeam "Marseille Duchamps"]
[BlackTeam "Clichy"]

1. e4 c5 2. Nf3 e6 3. d4 cxd4 4. Nxd4 Nc6 5. Nf3 Nf6 6. Bd3 Be7 7. O-O d6 8.
Re1 O-O 9. h3 a6 10. a4 Qc7 11. Bf4 e5 12. Bg5 Be6 13. Nc3 Nb4 14. Nh4 h6 15.
Bd2 Rfe8 16. Qf3 Nh7 17. Nd5 Bxd5 18. Bxb4 Be6 19. Nf5 Bf8 20. Qg3 Bxf5 21.
exf5 d5 22. Bd2 Kh8 23. Rac1 Bd6 24. Bf1 e4 25. Qb3 Rad8 26. c4 d4 27. c5 Bh2+
28. Kh1 Bf4 29. Bxf4 Qxf4 30. Qxb7 d3 31. Red1 Ng5 32. c6 d2 33. Rc3 Qxf2 34.
c7 Rc8 35. Qxa6 e3 36. Be2 Ne4 0-1

[Event "Interclubs Adultes"]
[Site "Montpellier"]
[Date "10/04/2008"]
[Round "4.3"]
[White "Hamdouchi, Hichem"]
[Black "Miralles, Gilles"]
[Result "1-0"]
[WhiteElo "2576"]
[BlackElo "2490"]
[WhiteTeam "Montpellier"]
[BlackTeam "Antibes"]

1. e4 c5 2. Nf3 Nc6 3. d4 cxd4 4. Nxd4 Nf6 5. Nc3 d6 6. Bg5 e6 7. Qd2 Be7 8.
O-O-O O-O 9. f4 h6 10. Bh4 e5 11. Nxc6 bxc6 12. fxe5 dxe5 13. Qe1 Qc7 14. Bc4
Ng4 15. Rd3 Be6 16. Bxe6 fxe6 17. Qe2 Bxh4 18. Qxg4 Bg5+ 19. Kb1 Qe7 20. Rhd1
Rf4 21. Qe2 Qc5 22. h4 Rxh4 23. g3 Rh3 24. Na4 Qb4 25. Qg4 Rh2 26. Qxe6+ Kh8
27. Qxc6 Rf8 28. a3 Qb8 29. Rc3 Re2 30. Nc5 Rc8 31. Qa6 Rd2 32. Rxd2 Bxd2 33.
Nd7 Bxc3 34. Nxb8 Rxb8 35. b4 Bd4 36. c4 Rf8 37. c5 Rf3 38. g4 1-0

[Event "Interclubs Adultes"]
[Site "Montpellier"]
[Date "10/04/2008"]
[Round "4.5"]
[White "Maze, Sebastien"]
[Black "Santo-Roman, Marc"]
[Result "1-0"]
[WhiteElo "2565"]
[BlackElo "2395"]
[WhiteTeam "Montpellier"]
[BlackTeam "Antibes"]

1. e4 c5 2. Nf3 e6 3. c3 d5 4. exd5 Qxd5 5. d4 Nf6 6. Na3 Qd8 7. Bg5 Nbd7 8.
Nc4 h6 9. Bf4 Nb6 10. Nce5 cxd4 11. Bb5+ Nbd7 12. Qa4 Bc5 13. Nxd4 O-O 14. Rd1
Nxe5 15. Bxe5 Qd5 16. Nf3 Qe4+ 17. Qxe4 Nxe4 18. O-O f6 19. Bd4 e5 20. Bc4+ Kh8
21. Bxc5 Nxc5 22. Nh4 Kh7 23. Rd5 b6 24. Rfd1 g5 25. b4 Na4 26. Rd7+ 1-0

[Event "Interclubs Adultes"]
[Site "Montpellier"]
[Date "10/04/2008"]
[Round "4.6"]
[White "Bijaoui, Manuel"]
[Black "Flear, Glenn C"]
[Result "1/2-1/2"]
[WhiteElo "2388"]
[BlackElo "2508"]
[WhiteTeam "Antibes"]
[BlackTeam "Montpellier"]

1. e4 e5 2. Nf3 Nc6 3. Bb5 a6 4. Ba4 Nf6 5. O-O Be7 6. Re1 b5 7. Bb3 d6 8. c3
O-O 9. h3 Na5 10. Bc2 c5 11. d4 Nd7 12. Nbd2 exd4 13. cxd4 Nc6 14. d5 Nce5 15.
a4 Rb8 16. axb5 axb5 17. Nxe5 Nxe5 18. f4 Ng6 19. Nf3 Bh4 20. Nxh4 Qxh4 21. f5
Ne5 22. Rf1 Bd7 23. Bf4 Qe7 24. Ra7 Rfd8 25. Qe2 Ra8 26. Rfa1 Qe8 27. Qe1 Rxa7
28. Rxa7 Bxf5 29. Qg3 Bd7 30. Bg5 Ra8 31. Bf6 Ng6 32. Rxa8 Qxa8 33. Qxd6 gxf6
34. Qxd7 Qa1+ 35. Kh2 Qxb2 36. Qc8+ Kg7 37. Qxc5 b4 38. d6 Qe5+ 39. Qxe5 Nxe5
40. Kg3 Kf8 41. Kf4 Nc4 42. Bd3 Nxd6 43. e5 Ne8 44. Bxh7 b3 45. Bd3 b2 46. exf6
Nxf6 47. Ke5 Kg7 48. Bb1 Nh5 49. Kd4 Nf4 50. Ke4 1/2-1/2

[Event "Interclubs Adultes"]
[Site "Montpellier"]
[Date "10/04/2008"]
[Round "4.7"]
[White "Conquest, Stuart C"]
[Black "Acher, Mathieu"]
[Result "0-1"]
[WhiteElo "2530"]
[BlackElo "2381"]
[WhiteTeam "Montpellier"]
[BlackTeam "Antibes"]

1. d4 d5 2. c4 Nc6 3. e3 e5 4. dxe5 d4 5. a3 Nge7 6. Nf3 Nf5 7. b4 dxe3 8.
Qxd8+ Nxd8 9. fxe3 a5 10. b5 Ne6 11. Nc3 Be7 12. Bd3 Nc5 13. Bc2 Be6 14. Nd5
Bd8 15. Nd4 Nh4 16. O-O Ng6 17. Nxe6 fxe6 18. Bxg6+ hxg6 19. Nf4 Rh6 20. Bb2 g5
21. Ne2 Be7 22. Rad1 Rd8 23. Rxd8+ Bxd8 24. Bc3 a4 25. Bb4 Be7 26. g3 Nd3 27.
Bc3 Bxa3 28. Rd1 Nb2 29. Rd4 b6 30. Kg2 Rh8 31. c5 bxc5 32. Re4 Kf7 33. Bxb2
Bxb2 34. Rxa4 Bxe5 35. Rc4 Bd6 36. Nc3 Rb8 37. Kf3 Be7 38. Kg4 Ke8 39. Kh5 Kf7
40. Kg4 Ke8 41. Kh5 Kd7 42. Kg6 c6 43. bxc6+ Kxc6 44. Ra4 Bf6 45. Ne4 Rb4 46.
Ra6+ Kd5 47. Nxf6+ gxf6 48. Kxf6 c4 49. Ra5+ Kd6 50. Rxg5 c3 51. Rg8 Kd7 52.
Rg7+ Kc6 53. Rg8 Rc4 54. Rc8+ Kd5 55. Rd8+ Ke4 56. Rd1 Rc6 57. h4 e5+ 58. Kg5
Kxe3 59. h5 e4 60. h6 c2 61. Rc1 Kd2 62. h7 Rc8 63. Rh1 e3 0-1

[Event "Interclubs Adultes"]
[Site "Montpellier"]
[Date "10/04/2008"]
[Round "4.8"]
[White "Cochet, Caroline"]
[Black "Milliet, Sophie"]
[Result "0-1"]
[WhiteElo "2075"]
[BlackElo "2354"]
[WhiteTeam "Antibes"]
[BlackTeam "Montpellier"]

1. e4 c5 2. c4 Nc6 3. Ne2 Nf6 4. d3 e6 5. g3 d5 6. Bg2 dxc4 7. dxc4 Qxd1+ 8.
Kxd1 Ng4 9. Be3 Nce5 10. b3 Nd3 11. Kd2 Ndxf2 12. Bxf2 Nxf2 13. Rf1 Ng4 14. h3
Ne5 15. Nbc3 Bd7 16. Kc2 a6 17. a4 Be7 18. Rad1 O-O 19. Nf4 Rfd8 20. Nd3 Nxd3
21. Rxd3 Bc6 22. Rdf3 Bf6 23. R3f2 Rac8 24. Re1 Be5 25. Ref1 Rc7 26. Rf3 Rcd7
27. R1f2 b6 28. g4 h6 29. h4 Bf6 30. Rh3 Ra7 31. Re2 Be5 32. g5 b5 33. gxh6
gxh6 34. Bf1 bxa4 35. Nxa4 Bxa4 36. bxa4 Rb7 37. Rb3 Rxb3 38. Kxb3 Rd3+ 39. Ka2
Kf8 40. Re1 Rd2+ 41. Kb3 Rh2 42. Rd1 Ke7 43. Rd3 Rxh4 44. Rh3 Rxh3+ 45. Bxh3
Kf6 46. Kc2 Kg5 47. Kd2 Kf4 48. Bg2 Kg3 49. Bh1 Kf2 0-1

[Event "Interclubs Adultes"]
[Site "Montpellier"]
[Date "10/04/2008"]
[Round "4.1"]
[White "Kasimdzhanov, Rustam"]
[Black "Bacrot, Etienne"]
[Result "1/2-1/2"]
[WhiteElo "2681"]
[BlackElo "2705"]
[WhiteTeam "Vandoeuvre"]
[BlackTeam "Marseille Echecs"]

1. e4 e5 2. Nf3 Nc6 3. Bb5 a6 4. Ba4 Nf6 5. O-O Be7 6. Re1 b5 7. Bb3 O-O 8. c3
d5 9. exd5 Nxd5 10. Nxe5 Nxe5 11. Rxe5 c6 12. d4 Bd6 13. Re1 Qh4 14. g3 Qh3 15.
Qe2 Bd7 16. Qf1 Qh5 17. Nd2 Rae8 18. f3 Nf4 19. Rxe8 Rxe8 20. Ne4 Nh3+ 21. Kg2
Nf4+ 22. Kg1 Nh3+ 23. Kg2 1/2-1/2

[Event "Interclubs Adultes"]
[Site "Montpellier"]
[Date "10/04/2008"]
[Round "4.2"]
[White "Delchev, Aleksander"]
[Black "Glek, Igor"]
[Result "0-1"]
[WhiteElo "2639"]
[BlackElo "2545"]
[WhiteTeam "Marseille Echecs"]
[BlackTeam "Vandoeuvre"]

1. d4 e6 2. c4 c5 3. Nf3 cxd4 4. Nxd4 Nf6 5. Nc3 a6 6. e4 Qc7 7. Qe2 Bd6 8. g3
Nc6 9. Be3 Nxd4 10. Bxd4 e5 11. Be3 Bb4 12. Bd2 d6 13. Bg2 Bg4 14. Qd3 Rc8 15.
h3 Bd7 16. a3 Ba5 17. O-O Qxc4 18. Qxd6 Bc7 19. Qb4 Qxb4 20. axb4 Bd6 21. Na4
Bxa4 22. Rxa4 Rc4 23. Rc1 Rxc1+ 24. Bxc1 Ke7 25. b5 axb5 26. Ra7 Rb8 27. Be3
Nd7 28. Ra5 b4 29. Rb5 b6 30. Bd2 Nf6 31. Bxb4 Bxb4 32. Rxb4 Ke6 33. Ra4 Rb7
34. Bf1 Kd7 35. Ra8 b5 36. Kg2 0-1

[Event "Interclubs Adultes"]
[Site "Montpellier"]
[Date "10/04/2008"]
[Round "4.3"]
[White "Landa, Konstantin"]
[Black "Bartel, Mateusz"]
[Result "1-0"]
[WhiteElo "2633"]
[BlackElo "2588"]
[WhiteTeam "Vandoeuvre"]
[BlackTeam "Marseille Echecs"]

1. Nf3 Nf6 2. c4 e6 3. d4 d5 4. Nc3 Bb4 5. cxd5 exd5 6. Bg5 O-O 7. e3 Be6 8.
Bd3 Nbd7 9. O-O c5 10. dxc5 Bxc3 11. bxc3 Nxc5 12. Bc2 Nce4 13. Qd4 Qc7 14.
Rfc1 Nxg5 15. Nxg5 h6 16. Nxe6 fxe6 17. Bb3 Rac8 18. Qxa7 Ne4 19. Rc2 Nxc3 20.
Qd4 Qf7 21. f3 Qf6 22. Qxf6 gxf6 23. Kf2 Rc6 24. Ke1 Rfc8 25. Rac1 Kf7 26. a4
Ke7 27. Kd2 d4 28. exd4 Nd5 29. Rxc6 bxc6 30. Bxd5 exd5 31. a5 Ra8 32. Ra1 Kd6
33. a6 Ra7 34. Kc3 Kc7 35. Kb4 Kb6 36. g4 1-0

[Event "Interclubs Adultes"]
[Site "Montpellier"]
[Date "10/04/2008"]
[Round "4.4"]
[White "Marzolo, Cyril"]
[Black "Brunner, Nicolas"]
[Result "1-0"]
[WhiteElo "2476"]
[BlackElo "2404"]
[WhiteTeam "Marseille Echecs"]
[BlackTeam "Vandoeuvre"]

1. d4 d5 2. Nf3 Nf6 3. c4 c6 4. Qc2 e6 5. Bg5 dxc4 6. Qxc4 b5 7. Qc2 Bb7 8. e4
h6 9. Bxf6 gxf6 10. Nbd2 Nd7 11. Be2 Qb6 12. a4 a6 13. O-O Rg8 14. Qc3 c5 15.
axb5 axb5 16. Rxa8+ Bxa8 17. dxc5 Bxc5 18. b4 Bd6 19. Bxb5 Qxb5 20. Qc8+ Ke7
21. Qxg8 Bb7 22. Qg7 h5 23. Qh6 Bxb4 24. Rb1 Ba6 25. Qe3 Qa5 26. Nb3 Qc7 27.
Rc1 Qd6 28. Qa7 Bc4 29. Nbd4 Bc5 30. Qa4 Nb6 31. Qa1 Kf8 32. Qc3 Kg7 33. h3 Kh7
34. Nb3 Ba3 35. Ra1 e5 36. Na5 Bb4 37. Qb2 Bd3 38. Qb3 1-0

[Event "Interclubs Adultes"]
[Site "Montpellier"]
[Date "10/04/2008"]
[Round "4.5"]
[White "Philippe, Christophe"]
[Black "Jedynak, Radoslaw"]
[Result "1-0"]
[WhiteElo "2407"]
[BlackElo "2515"]
[WhiteTeam "Vandoeuvre"]
[BlackTeam "Marseille Echecs"]

1. e4 c6 2. c4 d5 3. cxd5 cxd5 4. exd5 Nf6 5. Bb5+ Nbd7 6. Nc3 g6 7. d4 Bg7 8.
d6 exd6 9. Qe2+ Qe7 10. Bf4 Qxe2+ 11. Bxe2 Ke7 12. Bf3 Nb6 13. Nge2 d5 14. O-O
Be6 15. Be5 Ne8 16. Bxg7 Nxg7 17. Nf4 Kd6 18. Nb5+ Kd7 19. a4 g5 20. Nd3 Nf5
21. Nc5+ Ke7 22. Rfe1 Nd7 23. Nxe6 fxe6 24. Bxd5 Nf8 25. Bxb7 Rb8 26. Be4 Nd6
27. Bd3 Ng6 28. Bxg6 hxg6 29. d5 Nxb5 30. axb5 Rh7 31. Rxe6+ Kf7 32. Raa6 Rd8
33. Rf6+ Ke7 34. Rae6+ 1-0

[Event "Interclubs Adultes"]
[Site "Montpellier"]
[Date "10/04/2008"]
[Round "4.8"]
[White "Delorme, Laurie"]
[Black "Steil-Antoni, Fiona"]
[Result "1-0"]
[WhiteElo "2140"]
[BlackElo "2125"]
[WhiteTeam "Marseille Echecs"]
[BlackTeam "Vandoeuvre"]

1. d4 d6 2. c4 e5 3. d5 f5 4. e4 Nf6 5. Bg5 Be7 6. Bxf6 Bxf6 7. Nc3 O-O 8. Bd3
f4 9. Be2 Nd7 10. Bg4 Be7 11. Be6+ Kh8 12. Nf3 Nc5 13. Bxc8 Qxc8 14. b4 Nd7 15.
Nd2 Qe8 16. Rc1 Qg6 17. Qf3 Qh6 18. h4 g5 19. Qg4 Rad8 20. Nb5 gxh4 21. Nxc7
Rg8 22. Qf3 Rg6 23. Rh2 Rdg8 24. Ke2 Nf8 25. c5 Rg4 26. Rc2 Bd8 27. Nb5 dxc5
28. bxc5 Qa6 29. Rb2 Nd7 30. Nc4 Be7 31. Qa3 Bxc5 32. Qxa6 bxa6 33. Nbd6 R4g7
34. Rb7 Rb8 35. Rxb8+ Nxb8 36. Nf5 Rb7 37. Rxh4 Nd7 38. Nfd6 Bxd6 39. Nxd6 Rb2+
40. Ke1 Kg7 41. Nf5+ Kh8 42. Rh6 Nc5 43. Rc6 Nd3+ 44. Kf1 h5 45. d6 Rxf2+ 46.
Kg1 Rd2 47. Rc2 Rd1+ 48. Kh2 Nb4 49. Rc5 Rd2 50. Kh3 f3 51. Rc8+ Kh7 52. gxf3
Nd3 53. Rc7+ Kg6 54. Nh4+ Kf6 55. Ng2 Nf2+ 56. Kg3 Nd1 57. d7 Ke7 58. Rxa7 Rxa2
59. Nh4 Rd2 60. Ng6+ Kf6 61. Rxa6+ Kg5 62. Nh4 1-0

[Event "Interclubs Adultes"]
[Site "Montpellier"]
[Date "10/04/2008"]
[Round "4.2"]
[White "Wojtaszek, Radoslaw"]
[Black "Kozakov, Mikhail"]
[Result "1/2-1/2"]
[WhiteElo "2625"]
[BlackElo "2449"]
[WhiteTeam "Mulhouse"]
[BlackTeam "Bois Colombes"]

1. Nf3 Nf6 2. c4 g6 3. Nc3 d5 4. Qa4+ c6 5. cxd5 Nxd5 6. Nxd5 Qxd5 7. e4 Qd8 8.
d4 Bg7 9. Be2 Bg4 10. Be3 Nd7 11. Rd1 O-O 12. h3 Bxf3 13. Bxf3 e5 14. dxe5 Qe7
15. O-O Nxe5 16. Be2 Nd7 17. Qc2 Rfe8 18. Bc4 Nb6 19. Bd3 Rad8 20. Rfe1 Be5 21.
Bc1 Nd7 22. Qe2 Qf6 23. b3 Nc5 24. Bc2 Ne6 25. Rf1 Bb8 26. Bb1 Rxd1 27. Rxd1
Rd8 28. Rxd8+ Qxd8 29. Bd3 h5 30. Bc4 Nd4 31. Qd2 Qe7 32. Qf4 Bc7 33. Ba3 Bxf4
34. Bxe7 Bc7 35. g3 Kg7 36. Kg2 b5 37. Bd3 f6 38. Bc5 Bb6 39. Bd6 Ne6 40. h4
Bd4 41. f4 Kf7 42. f5 Nc5 43. Bc2 Nd7 44. fxg6+ Kxg6 45. e5+ f5 46. e6 Nf6 47.
Kf3 Ne8 48. Bf8 Kf6 49. e7 c5 50. Bd3 a6 51. Kg2 Be5 52. Be2 Kg6 53. Bf3 b4 54.
Bc6 Kf7 55. Bd5+ Kf6 56. Bc6 Kf7 57. Kf3 Bd6 58. Bd7 Bxe7 59. Bxe7 Kxe7 60.
Bxf5 a5 61. Bd3 Nf6 62. Bc4 Nd7 63. Ke4 Nb6 64. Be2 a4 65. Bxh5 a3 1/2-1/2

[Event "Interclubs Adultes"]
[Site "Montpellier"]
[Date "10/04/2008"]
[Round "4.3"]
[White "Shoker, Samy"]
[Black "Georgiev, Vladimir"]
[Result "0-1"]
[WhiteElo "2377"]
[BlackElo "2572"]
[WhiteTeam "Bois Colombes"]
[BlackTeam "Mulhouse"]

1. g3 g6 2. Bg2 Bg7 3. c4 Nf6 4. Nf3 O-O 5. O-O d6 6. Nc3 c6 7. d3 Re8 8. Rb1
d5 9. cxd5 cxd5 10. Qa4 Nc6 11. Qh4 a6 12. e4 d4 13. Ne2 e5 14. Bg5 Qd6 15. Nd2
Ng4 16. Nc4 Qf8 17. Nb6 h6 18. Nxc8 hxg5 19. Qxg5 Ne3 20. fxe3 Bh6 21. Qg4
Bxe3+ 22. Kh1 Raxc8 23. a3 Qd6 24. Qh4 Nd8 0-1

[Event "Interclubs Adultes"]
[Site "Montpellier"]
[Date "10/04/2008"]
[Round "4.4"]
[White "Sokolov, Andrei"]
[Black "Chomet, Pascal"]
[Result "1/2-1/2"]
[WhiteElo "2596"]
[BlackElo "2333"]
[WhiteTeam "Mulhouse"]
[BlackTeam "Bois Colombes"]

1. e4 c5 2. Nc3 d6 3. g3 g6 4. d3 Nc6 5. Bg2 Bg7 6. Be3 e5 7. h4 h5 8. Bh3 Bxh3
9. Nxh3 Qd7 10. Nd5 Nce7 11. c4 b5 12. b3 Rb8 13. Ng5 Nxd5 14. cxd5 Nf6 15. O-O
O-O 16. Kg2 Nh7 17. f3 Nxg5 18. hxg5 f5 19. gxf6 Rxf6 20. Rf2 Rf7 21. Qh1 a5
22. Qh4 Bf6 23. Bg5 Qe7 24. Bxf6 Qxf6 25. Qxf6 Rxf6 26. f4 Re8 27. a4 b4 28.
Raf1 Kg7 29. Rf3 Ref8 30. Kh2 g5 31. f5 1/2-1/2

[Event "Interclubs Adultes"]
[Site "Montpellier"]
[Date "10/04/2008"]
[Round "4.5"]
[White "Vuilleumier, Alexandre"]
[Black "Bricard, Emmanuel"]
[Result "1-0"]
[WhiteElo "2277"]
[BlackElo "2484"]
[WhiteTeam "Bois Colombes"]
[BlackTeam "Mulhouse"]

1. e4 g6 2. d4 Bg7 3. Nf3 c6 4. h3 d5 5. Nc3 Nh6 6. Be2 f6 7. O-O Nf7 8. Re1
O-O 9. Bf1 b6 10. b3 Re8 11. exd5 cxd5 12. Bb5 Bd7 13. a4 a6 14. Bf1 Bc6 15.
Bb2 Nd7 16. Na2 a5 17. c4 e6 18. Nc3 Nd6 19. Rc1 Bf8 20. Nh2 f5 21. Ba3 Ne4 22.
Bxf8 Nxf8 23. Nf3 Nd7 24. Nxe4 dxe4 25. d5 exf3 26. dxc6 Nc5 27. Qxf3 Qc7 28.
g4 fxg4 29. hxg4 e5 30. Qd5+ Kg7 31. Rc3 Rad8 32. Qh1 Rd4 33. Bg2 Rxg4 34. Qh3
h5 35. Rg3 e4 36. Rxg4 hxg4 37. Qxg4 Qxc6 38. Rd1 Qf6 39. Qg3 Re6 40. Bh3 Re5
41. Rd5 Nd3 42. Qe3 Nf4 43. Rxe5 Qxe5 44. Bg2 Qg5 45. Qxe4 Nh3+ 46. Kf1 Nf4 47.
Bf3 Qf6 48. Bd1 Qd6 49. Bc2 Kf6 50. Ke1 Kg5 51. Qe3 Kf6 52. Qc3+ Kg5 53. Qe3
Kf6 54. Qc3+ Kg5 55. Be4 Kh6 56. Qh8+ Kg5 57. Qc3 Kh6 58. f3 Kg5 59. Qd2 Qe5
60. Qd8+ Kh5 61. Kd2 Qb2+ 62. Bc2 Qe5 63. Be4 Qc5 64. Kc2 Qf2+ 65. Qd2 Qh4 66.
Qd4 Qh2+ 67. Kb1 Qh1+ 68. Kb2 Qg2+ 69. Ka3 Ne2 70. Qh8+ Kg5 71. f4+ 1-0

[Event "Interclubs Adultes"]
[Site "Montpellier"]
[Date "10/04/2008"]
[Round "4.6"]
[White "Riff, Jean-Noel"]
[Black "Pietrasanta, Jeremy"]
[Result "1-0"]
[WhiteElo "2487"]
[BlackElo "2280"]
[WhiteTeam "Mulhouse"]
[BlackTeam "Bois Colombes"]

1. e4 g6 2. d4 Bg7 3. Nc3 c6 4. Nf3 d6 5. Be3 Nd7 6. Qd2 b5 7. Bd3 a6 8. a4 Bb7
9. O-O e5 10. axb5 cxb5 11. Bxb5 axb5 12. Nxb5 Qb8 13. dxe5 dxe5 14. Nd6+ Ke7
15. Nxf7 Ngf6 16. Nxh8 Bxh8 17. Qb4+ Ke8 18. Qc4 Bxe4 19. Qe6+ Kd8 20. Rxa8
Qxa8 21. Nxe5 Bd5 22. Qd6 Qb8 23. Nc6+ Bxc6 24. Qxc6 Ng4 25. Bg5+ Bf6 26. Bxf6+
Ngxf6 27. Qc3 Qa7 28. Rd1 Qb6 29. h3 Ne4 30. Qf3 Nef6 31. b4 Kc7 32. Qf4+ Kb7
33. Rd6 Qa7 34. c4 Kc8 35. c5 Qa1+ 36. Kh2 Ne8 37. Rd4 Qc3 38. c6 Ndf6 39. b5
Qc5 40. Ra4 Kd8 41. Rc4 Qb6 42. Qe5 Qc7 43. f4 1-0

[Event "Interclubs Adultes"]
[Site "Montpellier"]
[Date "10/04/2008"]
[Round "4.7"]
[White "Metzger, Clement"]
[Black "Wirig, Anthony"]
[Result "0-1"]
[WhiteElo "2165"]
[BlackElo "2477"]
[WhiteTeam "Bois Colombes"]
[BlackTeam "Mulhouse"]

1. e4 c5 2. Nf3 d6 3. c3 Nf6 4. Bd3 Nc6 5. Bc2 g5 6. d3 g4 7. Ng1 h5 8. h3 Rg8
9. Kf1 d5 10. hxg4 hxg4 11. Qe1 Qc7 12. Ne2 e6 13. Na3 a6 14. Nf4 dxe4 15. dxe4
b5 16. Be3 Bb7 17. Rd1 Bd6 18. Nd3 Nxe4 19. b4 c4 20. Nb2 Ne7 21. Rd4 Nf6 22.
Rh6 Nfd5 23. Naxc4 bxc4 24. Rxc4 Bc6 25. a4 Nxe3+ 26. Qxe3 Qb7 27. Bh7 Bxg2+
28. Kg1 Rf8 29. Rxg4 Bf3 30. Nc4 Bc7 31. Rd4 Bd5 32. Bd3 O-O-O 33. a5 Nc6 34.
Rg4 Bxc4 35. Rxc4 Rxd3 36. Qxd3 Rg8+ 37. Kf1 Ne5 38. Rxc7+ Kxc7 39. Qh7 Qb5+
40. Ke1 Rg1+ 41. Kd2 Qd5+ 0-1

[Event "Interclubs Adultes"]
[Site "Montpellier"]
[Date "10/04/2008"]
[Round "4.8"]
[White "Muller, Anne"]
[Black "Aflalo, Sophie"]
[Result "1/2-1/2"]
[WhiteElo "2165"]
[BlackElo "1959"]
[WhiteTeam "Mulhouse"]
[BlackTeam "Bois Colombes"]

1. e4 c5 2. Nf3 Nc6 3. d4 cxd4 4. Nxd4 Nf6 5. Nc3 e5 6. Ndb5 d6 7. Bg5 a6 8.
Na3 b5 9. Nd5 Be7 10. Bxf6 Bxf6 11. c3 Bg5 12. Nc2 O-O 13. a4 bxa4 14. Rxa4 a5
15. Bc4 Rb8 16. b3 Kh8 17. O-O g6 18. Nce3 f5 19. Be2 Be6 20. Bf3 Bxe3 21. fxe3
Qg5 22. Kh1 Ne7 23. Rxa5 fxe4 24. Bxe4 Bxd5 25. Bxd5 Nf5 26. Ra1 Ng3+ 27. hxg3
Qh6+ 28. Kg1 Qxe3+ 29. Kh1 Qh6+ 30. Kg1 Qe3+ 1/2-1/2

[Event "Interclubs Adultes"]
[Site "Montpellier"]
[Date "2008.04.11"]
[Round "5.1"]
[White "Bacrot, Etienne"]
[Black "Nisipeanu, Liviu-Dieter"]
[Result "1/2-1/2"]
[WhiteElo "2705"]
[BlackElo "2684"]
[PlyCount "5"]
[EventDate "11.??.??"]
[WhiteTeam "Marseille Echecs"]
[BlackTeam "Clichy"]

1. d4 d5 2. c4 dxc4 3. Nf3 Nf6 4. e3 e6 5. Bxc4 c5 6. O-O a6 7. Bd3 Nbd7 8. Re1
b5 9. a4 bxa4 10. e4 cxd4 11. e5 Nd5 12. Rxa4 Bc5 13. Nbd2 N5b6 14. Ra1 Bb7 15.
Ne4 Be7 16. Bg5 O-O 17. Bxe7 Qxe7 18. Bb1 Rfd8 19. Qxd4 Rab8 1/2-1/2

[Event "Interclubs Adultes"]
[Site "Montpellier"]
[Date "2008.04.11"]
[Round "5.2"]
[White "Tregubov, Pavel V"]
[Black "Delchev, Aleksander"]
[Result "1/2-1/2"]
[WhiteElo "2629"]
[BlackElo "2639"]
[PlyCount "0"]
[EventDate "11.??.??"]
[WhiteTeam "Clichy"]
[BlackTeam "Marseille Echecs"]

1. d4 Nf6 2. c4 e6 3. Nf3 d5 4. Nc3 Bb4 5. cxd5 exd5 6. Bg5 Nbd7 7. e3 c5 8.
Bd3 Qa5 9. Qc2 O-O 10. O-O c4 11. Bf5 Re8 12. Nd2 g6 13. Bh3 Kg7 14. Rae1 Ne4
15. Ndxe4 dxe4 16. Bf4 f5 17. f3 Nf6 18. Qf2 exf3 19. gxf3 Nd5 20. Be5+ Rxe5
21. dxe5 Nxc3 22. bxc3 Bxc3 23. Rc1 Be6 24. Rfd1 Bxe5 25. f4 Bf6 26. Bg2 c3 27.
Bxb7 Rb8 28. Qf3 Qc7 29. Bd5 c2 30. Bxe6 cxd1=Q+ 31. Rxd1 Kh8 32. Bb3 Qc3 33.
Qe2 Re8 34. Rd3 Qb4 35. Qf3 Qe1+ 36. Kg2 a5 37. Qc6 Qe2+ 38. Kg1 Qe1+ 39. Kg2
Qe2+ 40. Kg1 Qe1+ 1/2-1/2

[Event "Interclubs Adultes"]
[Site "Montpellier"]
[Date "2008.04.11"]
[Round "5.4"]
[White "Fressinet, Laurent"]
[Black "Marzolo, Cyril"]
[Result "1-0"]
[WhiteElo "2656"]
[BlackElo "2476"]
[PlyCount "0"]
[EventDate "11.??.??"]
[WhiteTeam "Clichy"]
[BlackTeam "Marseille Echecs"]

1. e4 e6 2. d4 d5 3. Nc3 dxe4 4. Nxe4 Nd7 5. Nf3 Ngf6 6. Nxf6+ Nxf6 7. Be3 Bd6
8. Bd3 b6 9. Qe2 Bb7 10. Ne5 O-O 11. O-O-O Nd5 12. Bd2 Nb4 13. Bxb4 Bxb4 14. c3
Bd6 15. f4 g6 16. h4 Qf6 17. Rdf1 Rad8 18. h5 c5 19. Qg4 Kg7 20. hxg6 hxg6 21.
f5 exf5 22. Rxf5 Bxe5 23. Rxf6 Bxf6 24. Qf4 1-0

[Event "Interclubs Adultes"]
[Site "Montpellier"]
[Date "2008.04.11"]
[Round "5.5"]
[White "Jedynak, Radoslaw"]
[Black "Apicella, Manuel"]
[Result "1-0"]
[WhiteElo "2515"]
[BlackElo "2532"]
[PlyCount "0"]
[EventDate "11.??.??"]
[WhiteTeam "Marseille Echecs"]
[BlackTeam "Clichy"]

1. d4 e6 2. c4 Bb4+ 3. Bd2 a5 4. Nf3 d6 5. g3 Nc6 6. Bg2 e5 7. Bxb4 axb4 8. d5
Nb8 9. Qd2 Na6 10. O-O Nf6 11. a3 bxa3 12. Rxa3 O-O 13. Nc3 Bg4 14. Rfa1 Qd7
15. b4 Rae8 16. Rb3 Bh3 17. e4 Nh5 18. Qe3 Bxg2 19. Kxg2 f5 20. Ng5 f4 21. Qf3
g6 22. g4 Ng7 23. Qh3 h5 24. gxh5 Qe7 25. Nf3 Nxh5 26. Kh1 Qh7 27. Ng5 Qh6 28.
Rg1 Re7 29. Nb5 f3 30. Ne6 Rf6 31. c5 dxc5 32. bxc5 Rh7 33. d6 cxd6 34. cxd6
Qd2 35. Ng5 Rh8 36. Qc8+ Kg7 37. Qd7+ Kh6 38. Nf7+ Rxf7 39. Qxf7 Nf4 40. Rxf3
1-0

[Event "Interclubs Adultes"]
[Site "Montpellier"]
[Date "2008.04.11"]
[Round "5.6"]
[White "Naiditsch, Arkadij"]
[Black "Gozzoli, Yannick"]
[Result "1-0"]
[WhiteElo "2623"]
[BlackElo "2509"]
[PlyCount "0"]
[EventDate "11.??.??"]
[WhiteTeam "Clichy"]
[BlackTeam "Marseille Echecs"]

1. e4 e5 2. Nf3 Nc6 3. Bb5 f5 4. d3 fxe4 5. dxe4 Nf6 6. O-O Bc5 7. Qd3 d6 8.
Qc4 Qe7 9. Nc3 Bd7 10. Nd5 Nxd5 11. exd5 Nd4 12. Bxd7+ Qxd7 13. Nxd4 Bxd4 14.
a4 a6 15. Be3 Bxe3 16. fxe3 O-O-O 17. Rf2 Rdf8 18. Raf1 Qe7 19. Qg4+ Kb8 20.
Qh5 g6 21. Qh6 Rxf2 22. Rxf2 e4 23. Qf4 a5 24. Qf6 Re8 25. b3 Qe5 26. c4 Qh5
27. Qd4 b6 28. h3 Re5 29. b4 Rf5 30. bxa5 Rxf2 31. Kxf2 Qf5+ 32. Ke2 bxa5 33.
c5 dxc5 34. Qxc5 Qh5+ 35. Kd2 Qh4 36. Qf8+ Kb7 37. Qf1 Ka7 38. Kc3 Qe7 39. Qb5
Qf6+ 40. Kb3 Qa1 41. Qxa5+ Kb7 42. Qb4+ Kc8 43. Qxe4 Qd1+ 44. Kb4 Qd2+ 45. Kb5
Qe2+ 46. Ka5 1-0